Statistics for Flags of the Soviet SSRs (Republics)

Click here to take the quiz!

General Stats

  • This quiz has been taken 257 times
    (254 since last reset)
  • The average score is 11 of 15

Answer Stats

Answer% Correct
Byelorussian SSR
99%
Georgian SSR
81%
Ukrainian SSR
80%
Estonian SSR
79%
Latvian SSR
75%
Russian SFSR
74%
Azerbaijan SSR
67%
Tajik SSR
67%
Lithuanian SSR
66%
Moldavian SSR
66%
Kazakh SSR
63%
Uzbek SSR
63%
Turkmen SSR
62%
Armenian SSR
60%
Kirghiz SSR
60%

Score Distribution

Percentile by Number Answered

Percent of People with Each Score

Your Score History

You have not taken this quiz since the last reset